[Event "MESRRK"]
[Site "?"]
[Date "2018.05.27"]
[Round "8.1"]
[White "Kostolansky, Sebastian Lukas"]
[Black "Stevik, Patrik"]
[Result "1-0"]
[BlackElo "1609"]
[WhiteElo "1923"]
[LiveChessVersion "1.4.8"]

1. e4 {[%clk 0:20:18]} c5 {[%clk 0:20:20]} 2. Nf3 {[%clk 0:20:26]} d6
{[%clk 0:20:30]} 3. c3 {[%clk 0:20:35]} g6 {[%clk 0:20:34]} 4. h3
{[%clk 0:20:44]} Bg7 {[%clk 0:20:43]} 5. Bd3 {[%clk 0:20:53]} Nc6
{[%clk 0:20:51]} 6. O-O {[%clk 0:21:00]} Nf6 {[%clk 0:21:00]} 7. Bc2
{[%clk 0:21:10]} O-O {[%clk 0:20:52]} 8. d4 {[%clk 0:21:18]} cxd4
{[%clk 0:21:00]} 9. cxd4 Nb4 {[%clk 0:20:58]} 10. Bb3 {[%clk 0:21:34]} Nxe4
{[%clk 0:20:56]} 11. Qe1 {[%clk 0:21:43]} Nxf2 {[%clk 0:19:57]} 12. Qxb4
{[%clk 0:20:35]} Nd3 {[%clk 0:20:03]} 13. Qd2 {[%clk 0:20:42]} Nxc1
{[%clk 0:20:08]} 14. Rxc1 {[%clk 0:20:47]} Bd7 15. Nc3 {[%clk 0:20:53]} a6
{[%clk 0:19:27]} 16. Rf1 {[%clk 0:20:15]} b5 {[%clk 0:19:05]} 17. a4
{[%clk 0:19:22]} Qb6 {[%clk 0:18:13]} 18. Nd5 {[%clk 0:19:12]} Qd8
{[%clk 0:18:22]} 19. a5 {[%clk 0:18:26]} Be6 {[%clk 0:17:18]} 20. Ng5
{[%clk 0:17:54]} Qd7 {[%clk 0:14:57]} 21. Nb6 {[%clk 0:17:34]} Qa7
{[%clk 0:14:56]} 22. Nxe6 {[%clk 0:17:18]} fxe6 {[%clk 0:14:51]} 23. Bxe6+
{[%clk 0:17:25]} Kh8 {[%clk 0:14:50]} 24. Nxa8 {[%clk 0:17:31]} Bxd4+
{[%clk 0:14:57]} 25. Kh1 {[%clk 0:17:40]} Rxa8 {[%clk 0:15:06]} 26. Rf7
{[%clk 0:17:09]} Bg7 {[%clk 0:15:05]} 27. Raf1 {[%clk 0:17:07]} Qc5
{[%clk 0:14:57]} 28. Rxg7 {[%clk 0:16:42]} Kxg7 {[%clk 0:14:50]} 29. Rf7+
{[%clk 0:16:50]} Kh8 {[%clk 0:14:44]} 30. Qh6 {[%clk 0:16:58]} Qc1+
{[%clk 0:14:37]} 31. Qxc1 {[%clk 0:17:03]} Rg8 {[%clk 0:14:37]} 32. Qc3+
{[%clk 0:17:09]} 1-0

[Event "MESRRK"]
[Site "?"]
[Date "2018.05.27"]
[Round "8.3"]
[White "Paseka, Matyas"]
[Black "Kovarikova, Maria"]
[Result "0-1"]
[BlackElo "1236"]
[WhiteElo "1651"]
[LiveChessVersion "1.4.8"]

1. e4 {[%clk 0:20:18]} e5 {[%clk 0:20:19]} 2. Nf3 {[%clk 0:20:26]} Nc6
{[%clk 0:20:28]} 3. Bb5 {[%clk 0:20:35]} a6 {[%clk 0:20:37]} 4. Ba4
{[%clk 0:20:44]} Nf6 {[%clk 0:20:45]} 5. O-O {[%clk 0:20:47]} Be7
{[%clk 0:20:53]} 6. Re1 {[%clk 0:20:56]} b5 {[%clk 0:21:01]} 7. Bb3
{[%clk 0:21:05]} d6 {[%clk 0:21:10]} 8. c3 {[%clk 0:21:14]} Na5 {[%clk 0:21:15]}
9. Bc2 {[%clk 0:21:19]} c5 {[%clk 0:21:23]} 10. d4 {[%clk 0:21:27]} Qc7
{[%clk 0:21:31]} 11. h3 {[%clk 0:21:13]} O-O {[%clk 0:21:35]} 12. b3
{[%clk 0:21:06]} Bd7 {[%clk 0:21:27]} 13. d5 {[%clk 0:20:40]} Nb7
{[%clk 0:21:05]} 14. Nbd2 {[%clk 0:20:35]} a5 {[%clk 0:21:08]} 15. Nf1
{[%clk 0:19:38]} c4 {[%clk 0:20:53]} 16. b4 {[%clk 0:16:05]} Rfc8
{[%clk 0:16:04]} 17. Ba3 {[%clk 0:14:44]} axb4 {[%clk 0:15:48]} 18. Bxb4
{[%clk 0:14:51]} Nc5 {[%clk 0:15:33]} 19. Ng3 {[%clk 0:14:08]} Na6
{[%clk 0:13:53]} 20. a3 {[%clk 0:13:35]} Ra7 {[%clk 0:13:23]} 21. Qb1
{[%clk 0:12:40]} Rca8 {[%clk 0:13:02]} 22. Qb2 {[%clk 0:12:47]} Be8
{[%clk 0:06:53]} 23. Nf5 {[%clk 0:12:41]} g6 {[%clk 0:06:25]} 24. Nxe7+
{[%clk 0:12:15]} Qxe7 {[%clk 0:06:34]} 25. Nd2 {[%clk 0:10:36]} Nh5
{[%clk 0:06:18]} 26. Kh2 {[%clk 0:08:06]} Nc5 {[%clk 0:05:35]} 27. Bxc5
{[%clk 0:07:14]} dxc5 {[%clk 0:05:44]} 28. a4 {[%clk 0:06:39]} Qg5
{[%clk 0:04:45]} 29. Bd1 {[%clk 0:03:35]} Nf4 {[%clk 0:04:38]} 30. Rg1
{[%clk 0:02:02]} Nd3 {[%clk 0:04:34]} 31. Qc2 {[%clk 0:00:48]} Qf4+
{[%clk 0:03:38]} 32. g3 {[%clk 0:00:57]} Qxf2+ {[%clk 0:03:44]} 33. Rg2
{[%clk 0:01:05]} Qf6 {[%clk 0:03:46]} 34. Be2 {[%clk 0:00:43]} Rxa4
{[%clk 0:03:00]} 35. Rxa4 {[%clk 0:00:45]} Rxa4 {[%clk 0:03:09]} 36. Bxd3
{[%clk 0:00:50]} cxd3 {[%clk 0:03:18]} 37. Qxd3 {[%clk 0:00:58]} Bd7
{[%clk 0:02:32]} 38. Qe2 {[%clk 0:00:41]} h5 {[%clk 0:01:59]} 39. Rf2
{[%clk 0:00:34]} Qe7 {[%clk 0:01:49]} 40. Nb3 {[%clk 0:00:24]} c4
{[%clk 0:01:37]} 41. Nd2 {[%clk 0:00:33]} Bc8 {[%clk 0:01:42]} 42. Nf3
{[%clk 0:00:28]} Ra3 {[%clk 0:01:10]} 43. Qb2 {[%clk 0:00:29]} Bd7
{[%clk 0:01:12]} 44. Nxe5 {[%clk 0:00:35]} Rb3 {[%clk 0:01:15]} 45. Nxg6
{[%clk 0:00:14]} fxg6 {[%clk 0:01:19]} 46. Qe2 {[%clk 0:00:22]} Rxc3
{[%clk 0:01:12]} 47. e5 {[%clk 0:00:29]} b4 {[%clk 0:01:15]} 48. e6
{[%clk 0:00:35]} Be8 {[%clk 0:01:21]} 49. Qe5 {[%clk 0:00:39]} Rd3
{[%clk 0:01:22]} 50. Qe4 {[%clk 0:00:32]} Qd6 {[%clk 0:01:06]} 51. Qh4
{[%clk 0:00:17]} c3 {[%clk 0:01:01]} 52. e7 {[%clk 0:00:16]} Bf7 {[%clk 0:00:50]}
53. Qg5 {[%clk 0:00:12]} b3 {[%clk 0:00:36]} 54. Rf6 {[%clk 0:00:14]} Rd2+
{[%clk 0:00:35]} 55. Kg1 {[%clk 0:00:13]} Qc5+ {[%clk 0:00:40]} 56. Kf1
{[%clk 0:00:14]} Qc4+ {[%clk 0:00:44]} 57. Kg1 {[%clk 0:00:14]} Qd4+
{[%clk 0:00:44]} 58. Kf1 {[%clk 0:00:13]} Rd1+ {[%clk 0:00:40]} 59. Kg2
{[%clk 0:00:13]} Qd2+ {[%clk 0:00:33]} 60. Qxd2 {[%clk 0:00:17]} Rxd2+
{[%clk 0:00:42]} 61. Kf3 {[%clk 0:00:27]} c2 {[%clk 0:00:44]} 0-1

[Event "MESRRK"]
[Site "?"]
[Date "2018.05.27"]
[Round "8.4"]
[White "Kovalskyi, Roman"]
[Black "Rakovsky, Jakub"]
[Result "1-0"]
[BlackElo "1114"]
[WhiteElo "1610"]
[LiveChessVersion "1.4.8"]

1. e4 {[%clk 0:20:18]} e5 {[%clk 0:20:18]} 2. Nf3 {[%clk 0:20:27]} Nc6
{[%clk 0:20:28]} 3. Bc4 {[%clk 0:20:36]} Bc5 {[%clk 0:20:36]} 4. c3
{[%clk 0:20:46]} Nf6 {[%clk 0:20:37]} 5. d3 {[%clk 0:20:55]} d6 {[%clk 0:20:46]}
6. O-O {[%clk 0:21:02]} Be6 {[%clk 0:20:52]} 7. Nbd2 {[%clk 0:21:09]} O-O
{[%clk 0:21:01]} 8. a4 {[%clk 0:21:04]} a6 {[%clk 0:21:06]} 9. Re1
{[%clk 0:21:00]} Qd7 {[%clk 0:21:10]} 10. b4 {[%clk 0:20:58]} Ba7
{[%clk 0:21:18]} 11. Qb3 {[%clk 0:19:50]} Ne7 {[%clk 0:21:02]} 12. d4
{[%clk 0:19:35]} Ng6 {[%clk 0:20:58]} 13. h3 {[%clk 0:19:11]} Qe7
{[%clk 0:20:35]} 14. Nf1 {[%clk 0:18:39]} Nh5 {[%clk 0:20:00]} 15. Bg5
{[%clk 0:18:14]} Nf6 {[%clk 0:20:01]} 16. Ng3 {[%clk 0:17:39]} h6
{[%clk 0:20:03]} 17. Bd2 {[%clk 0:17:33]} c6 {[%clk 0:18:50]} 18. Nf5
{[%clk 0:16:58]} Qd7 {[%clk 0:18:08]} 19. Bxe6 {[%clk 0:14:24]} fxe6
{[%clk 0:17:58]} 20. dxe5 {[%clk 0:14:29]} Nxe5 {[%clk 0:17:23]} 21. Nxe5
{[%clk 0:14:21]} dxe5 {[%clk 0:17:31]} 22. Rad1 {[%clk 0:14:29]} Qf7
{[%clk 0:17:22]} 23. Nd6 {[%clk 0:13:46]} Qe7 {[%clk 0:16:56]} 24. Be3
{[%clk 0:12:27]} Bxe3 {[%clk 0:15:12]} 25. Rxe3 {[%clk 0:12:36]} Rad8
{[%clk 0:15:18]} 26. Red3 {[%clk 0:12:43]} Kh7 {[%clk 0:15:00]} 27. Qc2
{[%clk 0:12:25]} Rd7 {[%clk 0:14:27]} 28. c4 {[%clk 0:12:02]} Kh8
{[%clk 0:13:44]} 29. c5 {[%clk 0:12:02]} Rfd8 {[%clk 0:12:41]} 30. R1d2
{[%clk 0:11:30]} Qf8 {[%clk 0:12:23]} 31. Qd1 {[%clk 0:11:30]} Qe7
{[%clk 0:11:46]} 32. Qe2 {[%clk 0:09:06]} Rf8 {[%clk 0:11:30]} 33. Nc4
{[%clk 0:07:31]} Rfd8 {[%clk 0:10:12]} 34. Nxe5 {[%clk 0:07:09]} Rxd3
{[%clk 0:09:40]} 35. Rxd3 {[%clk 0:07:13]} Kh7 {[%clk 0:09:21]} 36. Nc4
{[%clk 0:06:48]} Rxd3 {[%clk 0:08:23]} 37. Qxd3 {[%clk 0:06:56]} b5
{[%clk 0:08:06]} 38. cxb6 {[%clk 0:06:25]} Nd7 {[%clk 0:06:53]} 39. e5+
{[%clk 0:05:22]} Kh8 {[%clk 0:06:42]} 40. Qd6 {[%clk 0:03:59]} Qg5
{[%clk 0:06:44]} 41. Ne3 {[%clk 0:02:37]} Nxe5 {[%clk 0:04:41]} 42. b7
{[%clk 0:00:56]} Nf3+ {[%clk 0:02:53]} 43. Kh1 {[%clk 0:01:02]} Qg6
{[%clk 0:02:46]} 44. b8=Q+ {[%clk 0:00:59]} Kh7 {[%clk 0:02:55]} 45. gxf3
{[%clk 0:00:34]} Qb1+ {[%clk 0:02:46]} 46. Qd1 {[%clk 0:00:42]} Qg6
{[%clk 0:02:47]} 47. Qg3 {[%clk 0:00:50]} Qf6 {[%clk 0:02:52]} 48. Qd3+
{[%clk 0:00:57]} Kh8 {[%clk 0:03:00]} 49. Qb8+ {[%clk 0:01:04]} Qf8
{[%clk 0:03:09]} 50. Qxf8# {[%clk 0:01:13]} 1-0

[Event "MESRRK"]
[Site "?"]
[Date "2018.05.27"]
[Round "8.5"]
[White "Juchelka, Marek"]
[Black "Salgovic, Simon"]
[Result "1/2-1/2"]
[BlackElo "1643"]
[WhiteElo "1388"]
[LiveChessVersion "1.4.8"]

1. e4 {[%clk 0:20:17]} d5 {[%clk 0:20:20]} 2. exd5 {[%clk 0:20:26]} Qxd5
{[%clk 0:20:28]} 3. Nc3 {[%clk 0:20:34]} Qa5 {[%clk 0:20:37]} 4. d4
{[%clk 0:20:43]} Nf6 {[%clk 0:20:45]} 5. Bc4 {[%clk 0:20:50]} Bf5
{[%clk 0:20:46]} 6. Bd2 {[%clk 0:20:53]} c6 {[%clk 0:20:55]} 7. Nf3
{[%clk 0:20:57]} e6 {[%clk 0:21:01]} 8. O-O {[%clk 0:21:01]} Be7 {[%clk 0:21:01]}
9. Nd5 {[%clk 0:21:08]} Qd8 {[%clk 0:21:10]} 10. Nxe7 {[%clk 0:21:15]} Qxe7
{[%clk 0:21:18]} 11. Bg5 {[%clk 0:21:23]} O-O {[%clk 0:21:20]} 12. Ne5
{[%clk 0:21:23]} Nbd7 {[%clk 0:20:37]} 13. Nxd7 {[%clk 0:21:29]} Qxd7
{[%clk 0:20:46]} 14. Bxf6 {[%clk 0:21:37]} gxf6 {[%clk 0:20:54]} 15. c3
{[%clk 0:21:44]} Kh8 {[%clk 0:20:58]} 16. Bd3 {[%clk 0:21:26]} Bg6
{[%clk 0:21:00]} 17. Bxg6 {[%clk 0:21:01]} hxg6 {[%clk 0:20:48]} 18. Qd2
{[%clk 0:21:07]} Kg7 {[%clk 0:20:55]} 19. Qf4 {[%clk 0:20:48]} Rh8
{[%clk 0:21:02]} 20. Qg3 {[%clk 0:20:57]} Rh5 {[%clk 0:21:08]} 21. f4
{[%clk 0:21:03]} Rah8 {[%clk 0:21:11]} 22. h3 {[%clk 0:21:09]} Rb5
{[%clk 0:20:57]} 23. b3 {[%clk 0:21:10]} Qd5 {[%clk 0:20:12]} 24. Qe3
{[%clk 0:20:46]} Qh5 {[%clk 0:19:45]} 25. c4 {[%clk 0:20:42]} Rb6
{[%clk 0:19:16]} 26. Rab1 {[%clk 0:19:28]} a5 {[%clk 0:18:39]} 27. d5
{[%clk 0:19:18]} Ra6 {[%clk 0:18:05]} 28. dxe6 {[%clk 0:19:13]} Re8
{[%clk 0:18:05]} 29. e7 {[%clk 0:19:21]} Qf5 {[%clk 0:17:50]} 30. Rbd1
{[%clk 0:18:32]} Qc8 {[%clk 0:14:22]} 31. Rfe1 {[%clk 0:17:41]} c5
{[%clk 0:13:20]} 32. Qd3 {[%clk 0:17:39]} Re6 {[%clk 0:13:05]} 33. Rxe6
{[%clk 0:17:37]} Qxe6 {[%clk 0:12:59]} 34. Qd5 {[%clk 0:16:33]} Qe3+
{[%clk 0:12:12]} 35. Kh1 {[%clk 0:16:35]} Rxe7 {[%clk 0:12:07]} 36. Qd2
{[%clk 0:16:39]} Qe4 {[%clk 0:11:48]} 37. Qd5 {[%clk 0:15:31]} Qxf4
{[%clk 0:10:37]} 38. Qxc5 {[%clk 0:15:38]} Re5 {[%clk 0:10:47]} 39. Qd4
{[%clk 0:15:40]} Qxd4 {[%clk 0:10:09]} 40. Rxd4 {[%clk 0:15:49]} Re2
{[%clk 0:10:18]} 41. Rd7 {[%clk 0:15:57]} Rxa2 {[%clk 0:10:25]} 42. Rxb7
{[%clk 0:16:06]} Rb2 {[%clk 0:10:35]} 43. Rb5 {[%clk 0:16:14]} Ra2
{[%clk 0:10:21]} 44. c5 {[%clk 0:16:19]} a4 {[%clk 0:10:06]} 45. bxa4
{[%clk 0:16:28]} Rxa4 {[%clk 0:10:15]} 46. c6 {[%clk 0:16:34]} Rc4
{[%clk 0:10:24]} 47. Rb6 {[%clk 0:16:43]} Kf8 {[%clk 0:09:50]} 48. Rb8+
{[%clk 0:16:50]} Ke7 {[%clk 0:09:47]} 49. Rb7+ {[%clk 0:16:59]} Ke6
{[%clk 0:08:40]} 50. Rc7 {[%clk 0:16:54]} Kd5 {[%clk 0:07:51]} 51. Rd7+
{[%clk 0:16:53]} Kxc6 {[%clk 0:07:29]} 52. Rxf7 {[%clk 0:17:01]} Rf4
{[%clk 0:07:36]} 53. Rg7 {[%clk 0:17:09]} g5 {[%clk 0:07:36]} 54. g3
{[%clk 0:17:10]} Rf5 {[%clk 0:07:07]} 1/2-1/2

[Event "MESRRK"]
[Site "?"]
[Date "2018.05.27"]
[Round "8.6"]
[White "Zumrik, Lukas"]
[Black "Bulej, Matej"]
[Result "0-1"]
[BlackElo "1195"]
[WhiteElo "1440"]
[LiveChessVersion "1.4.8"]

1. d4 {[%clk 0:20:17]} d5 {[%clk 0:20:19]} 2. c4 {[%clk 0:20:26]} c6
{[%clk 0:20:28]} 3. Nf3 {[%clk 0:20:35]} Nf6 {[%clk 0:20:35]} 4. cxd5
{[%clk 0:20:43]} cxd5 {[%clk 0:20:40]} 5. Nc3 {[%clk 0:20:51]} Bf5
{[%clk 0:20:17]} 6. Bf4 {[%clk 0:20:59]} e6 {[%clk 0:20:23]} 7. e3
{[%clk 0:21:08]} Bd6 {[%clk 0:20:30]} 8. Bg3 {[%clk 0:21:10]} Bxg3
{[%clk 0:20:38]} 9. hxg3 {[%clk 0:21:18]} Nc6 {[%clk 0:20:42]} 10. Qb3
{[%clk 0:21:25]} Rb8 {[%clk 0:19:29]} 11. Bb5 {[%clk 0:21:15]} O-O
{[%clk 0:19:34]} 12. Nh4 {[%clk 0:21:16]} Be4 {[%clk 0:18:59]} 13. Nxe4
{[%clk 0:21:22]} Nxe4 {[%clk 0:19:07]} 14. Bd3 {[%clk 0:19:28]} Qa5+
{[%clk 0:19:00]} 15. Ke2 {[%clk 0:19:12]} Qd2+ {[%clk 0:18:58]} 16. Kf3
{[%clk 0:19:21]} Qxf2+ {[%clk 0:19:02]} 17. Kg4 {[%clk 0:19:29]} Qxg3+
{[%clk 0:19:08]} 18. Kh5 {[%clk 0:19:35]} Qg5# {[%clk 0:19:17]} 0-1

[Event "MESRRK"]
[Site "?"]
[Date "2018.05.27"]
[Round "8.7"]
[White "Gartner, Mikulas"]
[Black "Sevcikova, Lucia"]
[Result "0-1"]
[BlackElo "1434"]
[WhiteElo "1314"]
[LiveChessVersion "1.4.8"]

1. e4 {[%clk 0:20:16]} c6 {[%clk 0:20:20]} 2. d4 {[%clk 0:20:10]} d5
{[%clk 0:20:29]} 3. Nc3 {[%clk 0:20:08]} dxe4 {[%clk 0:20:37]} 4. Nxe4
{[%clk 0:20:11]} Bf5 {[%clk 0:20:45]} 5. Nc3 {[%clk 0:20:05]} e6 {[%clk 0:20:48]}
6. Nf3 {[%clk 0:19:56]} Bd6 {[%clk 0:20:23]} 7. Be3 {[%clk 0:19:31]} Nd7
{[%clk 0:20:15]} 8. h3 {[%clk 0:19:11]} Qc7 {[%clk 0:20:05]} 9. Qd2
{[%clk 0:18:45]} O-O-O {[%clk 0:19:52]} 10. O-O-O {[%clk 0:18:40]} Ngf6
{[%clk 0:19:48]} 11. Ng5 {[%clk 0:17:53]} Bg6 {[%clk 0:19:21]} 12. Bd3
{[%clk 0:17:37]} Nb6 {[%clk 0:18:49]} 13. Bxg6 {[%clk 0:16:42]} hxg6
{[%clk 0:18:55]} 14. g3 {[%clk 0:14:56]} Nc4 {[%clk 0:18:13]} 15. Qe2
{[%clk 0:13:35]} Nxe3 {[%clk 0:17:54]} 16. Qxe3 {[%clk 0:13:40]} Rd7
{[%clk 0:16:44]} 17. Kb1 {[%clk 0:11:43]} Kb8 {[%clk 0:16:23]} 18. Nge4
{[%clk 0:09:22]} Nxe4 {[%clk 0:15:32]} 19. Qxe4 {[%clk 0:09:29]} Rhd8
{[%clk 0:14:48]} 20. h4 {[%clk 0:09:04]} Qb6 {[%clk 0:13:53]} 21. h5
{[%clk 0:08:44]} gxh5 {[%clk 0:12:19]} 22. Rxh5 {[%clk 0:08:36]} g6
{[%clk 0:11:48]} 23. Rhh1 {[%clk 0:08:29]} Bb4 {[%clk 0:11:34]} 24. Ne2
{[%clk 0:08:26]} c5 {[%clk 0:10:27]} 25. c3 {[%clk 0:08:01]} Ba3 {[%clk 0:09:27]}
26. b3 {[%clk 0:07:47]} cxd4 {[%clk 0:08:38]} 27. Nxd4 {[%clk 0:07:23]} Bc5
{[%clk 0:07:58]} 28. Qe5+ {[%clk 0:06:37]} Qc7 {[%clk 0:06:54]} 29. Qxc7+
{[%clk 0:06:26]} Kxc7 {[%clk 0:06:59]} 30. Nb5+ {[%clk 0:06:29]} Kb6
{[%clk 0:06:36]} 31. Rxd7 {[%clk 0:06:14]} Rxd7 {[%clk 0:06:45]} 32. c4
{[%clk 0:06:15]} Bxf2 {[%clk 0:06:42]} 33. g4 {[%clk 0:06:04]} Rd3
{[%clk 0:06:08]} 34. Rf1 {[%clk 0:05:24]} Rd2 {[%clk 0:05:15]} 35. Nc3
{[%clk 0:04:57]} Bd4 {[%clk 0:04:52]} 36. Na4+ {[%clk 0:04:57]} Kc6
{[%clk 0:04:25]} 37. Rxf7 {[%clk 0:04:26]} a6 {[%clk 0:03:09]} 38. Re7
{[%clk 0:04:07]} Re2 {[%clk 0:02:44]} 39. Re8 {[%clk 0:04:01]} Kd7
{[%clk 0:02:14]} 40. Rg8 {[%clk 0:03:50]} b5 {[%clk 0:02:12]} 41. cxb5
{[%clk 0:03:33]} axb5 {[%clk 0:02:21]} 42. Nb6+ {[%clk 0:03:29]} Bxb6
{[%clk 0:02:25]} 43. Rxg6 {[%clk 0:03:37]} Bd4 {[%clk 0:02:05]} 44. Rg5
{[%clk 0:03:40]} b4 {[%clk 0:01:40]} 45. Rb5 {[%clk 0:03:40]} Bc3
{[%clk 0:01:49]} 46. g5 {[%clk 0:03:47]} Rb2+ {[%clk 0:01:49]} 47. Kc1
{[%clk 0:03:52]} Rxa2 {[%clk 0:01:58]} 48. g6 {[%clk 0:04:00]} Rg2
{[%clk 0:02:07]} 49. Rb7+ {[%clk 0:03:56]} Kc6 {[%clk 0:02:04]} 0-1

[Event "MESRRK"]
[Site "?"]
[Date "2018.05.27"]
[Round "8.8"]
[White "Orgon, Patrik"]
[Black "Boba, Dominik"]
[Result "1/2-1/2"]
[BlackElo "1430"]
[WhiteElo "1355"]
[LiveChessVersion "1.4.8"]

1. e4 {[%clk 0:20:19]} e5 {[%clk 0:20:13]} 2. Nf3 {[%clk 0:20:27]} Nc6
{[%clk 0:20:21]} 3. Bb5 {[%clk 0:20:36]} d6 {[%clk 0:19:47]} 4. Bxc6+
{[%clk 0:20:28]} bxc6 {[%clk 0:19:55]} 5. O-O {[%clk 0:20:28]} Nf6
{[%clk 0:20:02]} 6. Nc3 {[%clk 0:20:36]} Be7 {[%clk 0:19:54]} 7. d4
{[%clk 0:20:44]} exd4 {[%clk 0:19:33]} 8. Qxd4 {[%clk 0:20:37]} O-O
{[%clk 0:18:53]} 9. h3 {[%clk 0:19:59]} c5 {[%clk 0:18:50]} 10. Qd1
{[%clk 0:19:17]} Bb7 {[%clk 0:18:28]} 11. Re1 {[%clk 0:19:21]} Nd7
{[%clk 0:15:24]} 12. Bf4 {[%clk 0:19:03]} Re8 {[%clk 0:13:51]} 13. e5
{[%clk 0:18:05]} Bxf3 {[%clk 0:09:28]} 14. Qxf3 {[%clk 0:17:20]} Bg5
{[%clk 0:08:15]} 15. exd6 {[%clk 0:15:01]} Bxf4 {[%clk 0:05:32]} 16. Qxf4
{[%clk 0:14:28]} cxd6 {[%clk 0:03:30]} 17. Qxd6 {[%clk 0:14:15]} Rc8
{[%clk 0:02:30]} 18. Rad1 {[%clk 0:13:56]} Nb6 {[%clk 0:02:15]} 19. Qxd8
{[%clk 0:13:40]} Rcxd8 {[%clk 0:02:15]} 20. Rxd8 {[%clk 0:13:35]} Rxd8
{[%clk 0:02:24]} 21. Re7 {[%clk 0:13:42]} h6 {[%clk 0:01:40]} 22. Rxa7
{[%clk 0:12:59]} Rd2 {[%clk 0:01:46]} 23. Rb7 {[%clk 0:12:52]} Nc4
{[%clk 0:01:09]} 24. Ne4 {[%clk 0:11:45]} Rxc2 {[%clk 0:01:01]} 25. Nxc5
{[%clk 0:10:55]} Nxb2 {[%clk 0:00:27]} 26. a4 {[%clk 0:10:27]} Nd1
{[%clk 0:00:17]} 27. Ne4 {[%clk 0:10:16]} Rc4 {[%clk 0:00:26]} 28. Nd6
{[%clk 0:10:00]} Rxa4 {[%clk 0:00:33]} 29. Rxf7 {[%clk 0:09:59]} Ra6
{[%clk 0:00:28]} 30. Rd7 {[%clk 0:09:56]} Ra2 {[%clk 0:00:34]} 31. Ne4
{[%clk 0:09:54]} Nb2 {[%clk 0:00:18]} 32. Kh2 {[%clk 0:09:30]} Nc4
{[%clk 0:00:25]} 33. Rc7 {[%clk 0:09:16]} Ne5 {[%clk 0:00:26]} 34. Rc3
{[%clk 0:08:56]} Re2 {[%clk 0:00:23]} 35. Re3 {[%clk 0:08:18]} Rxe3
{[%clk 0:00:31]} 36. fxe3 {[%clk 0:08:27]} Nc4 {[%clk 0:00:40]} 1/2-1/2

[Event "MESRRK"]
[Site "?"]
[Date "2018.05.27"]
[Round "8.9"]
[White "Paluska, Karol"]
[Black "Licka, Denis"]
[Result "1-0"]
[BlackElo "1306"]
[WhiteElo "1431"]
[LiveChessVersion "1.4.8"]

1. Nf3 {[%clk 0:20:19]} d5 {[%clk 0:20:14]} 2. d4 {[%clk 0:20:28]} Nc6
{[%clk 0:20:22]} 3. c4 {[%clk 0:20:37]} Nf6 {[%clk 0:20:20]} 4. Nc3
{[%clk 0:20:46]} e6 {[%clk 0:20:23]} 5. Bg5 {[%clk 0:20:54]} Be7 {[%clk 0:20:21]}
6. e3 {[%clk 0:21:03]} O-O {[%clk 0:20:23]} 7. Qb3 {[%clk 0:21:05]} b6
{[%clk 0:20:10]} 8. Bxf6 {[%clk 0:21:05]} Bxf6 {[%clk 0:20:16]} 9. cxd5
{[%clk 0:21:14]} exd5 {[%clk 0:20:16]} 10. Qxd5 {[%clk 0:21:19]} Bb7
{[%clk 0:20:11]} 11. Qxd8 {[%clk 0:21:21]} Raxd8 {[%clk 0:20:18]} 12. Be2
{[%clk 0:21:12]} Rfe8 {[%clk 0:19:59]} 13. O-O {[%clk 0:21:18]} Ne7
{[%clk 0:18:52]} 14. Rac1 {[%clk 0:20:55]} Nf5 {[%clk 0:18:53]} 15. Rfe1
{[%clk 0:18:12]} a6 {[%clk 0:18:34]} 16. Bd3 {[%clk 0:18:09]} Nd6
{[%clk 0:18:08]} 17. e4 {[%clk 0:16:26]} b5 {[%clk 0:17:03]} 18. e5
{[%clk 0:14:49]} Bxf3 {[%clk 0:15:28]} 19. gxf3 {[%clk 0:14:58]} Bxe5
{[%clk 0:15:34]} 20. dxe5 {[%clk 0:14:41]} Nb7 {[%clk 0:14:59]} 21. Be4
{[%clk 0:14:39]} Nc5 {[%clk 0:15:06]} 22. Kg2 {[%clk 0:13:38]} Rd2
{[%clk 0:14:37]} 23. Rb1 {[%clk 0:13:05]} b4 {[%clk 0:13:59]} 24. Nd5
{[%clk 0:07:31]} Nxe4 {[%clk 0:12:25]} 25. fxe4 {[%clk 0:07:40]} c5
{[%clk 0:12:29]} 26. Kf3 {[%clk 0:05:34]} Rxe5 {[%clk 0:12:10]} 27. Red1
{[%clk 0:04:34]} Rxd1 {[%clk 0:11:02]} 28. Rxd1 {[%clk 0:04:43]} g5
{[%clk 0:11:04]} 29. Nc7 {[%clk 0:04:15]} g4+ {[%clk 0:10:38]} 30. Kf4
{[%clk 0:03:02]} Rh5 {[%clk 0:10:01]} 31. Rd8+ {[%clk 0:03:03]} Kg7
{[%clk 0:10:07]} 32. Ne8+ {[%clk 0:03:11]} Kg6 {[%clk 0:10:02]} 33. Rd6+
{[%clk 0:03:07]} f6 {[%clk 0:10:03]} 34. Rxf6# {[%clk 0:03:06]} 1-0

[Event "MESRRK"]
[Site "?"]
[Date "2018.05.27"]
[Round "8.10"]
[White "Lovcican, Tomas"]
[Black "Bochnickova, Simona"]
[Result "1-0"]
[BlackElo "1109"]
[WhiteElo "1547"]
[LiveChessVersion "1.4.8"]

1. d4 d5 2. c4 e6 3. Nc3 Nf6 4. Nf3 Nbd7 5. Bg5 c6 6. e3 Be7 7. Bd3 dxc4 8. Bxc4
O-O 9. O-O a6 10. a4 b5 11. axb5 cxb5 12. Nxb5 Bb7 13. Nc3 Nb6 14. Be2 Rc8 15.
Bxa6 Bxa6 16. Rxa6 Qc7 17. Bf4 Qb7 18. Ra1 Bb4 19. Rc1 Bxc3 20. Rxc3 Rxc3 21.
bxc3 Ne4 22. Qd3 Rc8 23. Rc1 Na4 24. c4 Nb2 25. Qb1 f5 26. Rc2 Nc5 27. dxc5 Rd8
28. Rd2 Rxd2 29. Nxd2 Qb4 30. Qc2 Nxc4 31. Qxc4 Qxd2 32. Qxe6+ 1-0

[Event "MESRRK"]
[Site "?"]
[Date "2018.05.27"]
[Round "8.11"]
[White "Brozka, Karel"]
[Black "Elias, David"]
[Result "1-0"]
[BlackElo "1380"]
[WhiteElo "1590"]
[LiveChessVersion "1.4.8"]

1. d4 {[%clk 0:20:19]} Nf6 {[%clk 0:20:08]} 2. Nf3 {[%clk 0:20:25]} g6
{[%clk 0:20:14]} 3. c4 {[%clk 0:20:32]} Bg7 {[%clk 0:20:19]} 4. Nc3
{[%clk 0:20:39]} O-O {[%clk 0:20:22]} 5. Bg5 {[%clk 0:20:46]} d6 {[%clk 0:20:21]}
6. e3 {[%clk 0:20:39]} h6 {[%clk 0:20:24]} 7. Bxf6 {[%clk 0:20:42]} Bxf6
{[%clk 0:20:30]} 8. Bd3 {[%clk 0:20:49]} Nd7 {[%clk 0:20:29]} 9. Qc2
{[%clk 0:20:50]} a5 {[%clk 0:20:22]} 10. h4 {[%clk 0:20:42]} c5 {[%clk 0:20:26]}
11. g4 {[%clk 0:20:19]} cxd4 {[%clk 0:20:21]} 12. exd4 {[%clk 0:20:15]} Qb6
{[%clk 0:20:02]} 13. Nd5 {[%clk 0:19:26]} Qc6 {[%clk 0:19:44]} 14. Be4
{[%clk 0:19:13]} Qa6 {[%clk 0:19:21]} 15. g5 {[%clk 0:19:02]} Bg7
{[%clk 0:19:12]} 16. h5 {[%clk 0:18:32]} hxg5 {[%clk 0:17:52]} 17. Nxe7+
{[%clk 0:18:06]} Kh8 {[%clk 0:17:44]} 18. hxg6+ {[%clk 0:18:14]} Bh6
{[%clk 0:17:43]} 19. Rxh6+ {[%clk 0:18:21]} Kg7 {[%clk 0:17:49]} 20. Rh7+
{[%clk 0:18:26]} Kf6 {[%clk 0:17:50]} 21. Nd5+ {[%clk 0:18:33]} Ke6
{[%clk 0:17:51]} 22. Nxg5# {[%clk 0:18:40]} 1-0